000 01217nam a2200313 a 4500
001 37260
003 BD-RjUL
005 20211209052607.0
008 141117s1983 enk b 100 0 eng
020 _a0700701613 :
035 _a(BD-RjUL)37362
040 _aDLC
_cDLC
_dDLC
_dBD-RjUL
_beng
041 _aeng
082 0 0 _a307.720954
_219
_bRUR 1983
245 0 0 _aRural India :
_bland, power, and society under British rule /
_cedited by Peter Robb.
260 _aLondon :
_bCurzon Press,
_c1983.
300 _aviii, 314 p. ;
_c22 cm.
500 _aPapers presented at a conference held in Dec. 1980 under the auspices of the Centre of South Asian Studies at the London School of Oriental and African Studies.
504 _aIncludes bibliographical references.
650 0 _aLand tenure
_zIndia
_xHistory
_xCongresses.
_9114135
650 0 _aVillages
_zIndia
_xHistory
_xCongresses.
_9114136
651 0 _aIndia
_xRural conditions
_xCongresses.
_9114137
700 1 _aRobb, Peter
_q(Peter G.)
_9114138
710 2 _aUniversity of London.
_bCentre of South Asian Studies.
_9114139
942 _2ddc
_cBK
999 _c37260
_d37260